000 01437nam a2200385Ia 4500
001 ebr10567020
003 CaPaEBR
006 m u
007 cr cn|||||||||
008 010402s2000 enk sb 001 0 eng d
010 _z 2001267945
020 _z0761960775
020 _z0761960783
020 _z9780761960782
020 _z9781446264973
040 _aCaPaEBR
_cCaPaEBR
035 _a(OCoLC)649846562
050 1 4 _aB2430.B33954
_bH44 2000eb
082 0 4 _a194
_222
100 1 _aHegarty, Paul,
_d1967-
245 1 0 _aGeorges Bataille
_h[electronic resource] /
_cPaul Hegarty.
260 _aLondon ;
_aThousand Oaks, Calif. :
_bSAGE Publications,
_c2000.
300 _aix, 174 p.
490 1 _aCore cultural theorist
504 _aIncludes bibliographical references and index.
533 _aElectronic reproduction.
_bPalo Alto, Calif. :
_cebrary,
_d2011.
_nAvailable via World Wide Web.
_nAccess may be limited to ebrary affiliated libraries.
600 1 0 _aBataille, Georges,
_d1897-1962
_xCriticism and interpretation.
600 1 0 _aBataille, Georges,
_d1897-1962
_xInfluence.
650 0 _aPhilosophers
_zFrance.
650 0 _aPhilosophy, Modern
_y20th century.
655 7 _aElectronic books.
_2local
710 2 _aebrary, Inc.
830 0 _aCore cultural theorists.
856 4 0 _uhttp://site.ebrary.com/lib/rucke/Doc?id=10567020
_zAn electronic book accessible through the World Wide Web; click to view
999 _c93151
_d93151